Eastern Utah Libraries Catalog: Duchesne, Heber, Roosevelt, & Vernal

Rhythm of War (Record no. 357201)

MARC details
000 -LEADER
fixed length control field 01671nim a22003612a 4500
001 - CONTROL NUMBER
control field on1200761406
003 - CONTROL NUMBER IDENTIFIER
control field MWT
005 - DATE AND TIME OF LATEST TRANSACTION
control field 20250113164201.0
007 - PHYSICAL DESCRIPTION FIXED FIELD--GENERAL INFORMATION
fixed length control field sd fmngnnmmned
008 - FIXED-LENGTH DATA ELEMENTS--GENERAL INFORMATION
fixed length control field 201230s2020 xxu n e eng d
020 ## - INTERNATIONAL STANDARD BOOK NUMBER
International Standard Book Number 9781250771544 :
Terms of availability $94.99
024 1# - OTHER STANDARD IDENTIFIER
Standard number or code 9781250771544
028 42 - PUBLISHER NUMBER
Publisher number 12687280
040 ## - CATALOGING SOURCE
Original cataloging agency Midwest
Description conventions rda
092 ## - LOCALLY ASSIGNED DEWEY CALL NUMBER (OCLC)
Classification number adult audiobooks
Item number Sanderson, Brandon
100 1# - MAIN ENTRY--PERSONAL NAME
Personal name Sanderson, Brandon.
9 (RLIN) 53001
245 10 - TITLE STATEMENT
Title Rhythm of War
Medium [sound recording] /
Statement of responsibility, etc Brandon Sanderson.
250 ## - EDITION STATEMENT
Edition statement Unabridged.
260 ## - PUBLICATION, DISTRIBUTION, ETC. (IMPRINT)
Place of publication, distribution, etc [United States] :
Name of publisher, distributor, etc Macmillan Audio,
Date of publication, distribution, etc 2020.
264 ## - Production, Publication, Distribution, Manufacture, and Copyright Notice.
Place of production, publication, distribution, manufacture New York, NY
Name of producer, publisher, distributor, manufacturer Macmillan Audio
Date of production, publication, distribution, manufacture, or copyr 2020
300 ## - PHYSICAL DESCRIPTION
Extent 46 sound discs (3450 min.) :
Other physical details digital ;
Dimensions 4 3/4 in.
500 ## - GENERAL NOTE
General note Compact disc.
500 ## - GENERAL NOTE
General note 12/15/2020
511 1# - PARTICIPANT OR PERFORMER NOTE
Participant or performer note Read by Michael Kramer, Kate Reading.
520 ## - SUMMARY, ETC.
Summary, etc After forming a coalition of human resistance against the enemy invasion, Dalinar Kholin and his Knights Radiant have spent a year fighting a protracted, brutal war. Neither side has gained an advantage. Now, as new technological discoveries begin to change the face of the war, the enemy prepares a bold and dangerous operation. The arms race that follows will challenge the very core of the Radiant ideals, and potentially reveal the secrets of the ancient tower that was once the heart of their strength.
650 #4 - SUBJECT ADDED ENTRY--TOPICAL TERM
Topical term or geographic name as entry element Fantasy.
9 (RLIN) 6396410
655 #4 - INDEX TERM--GENRE/FORM
Genre/form data or focus term Audiobooks.
9 (RLIN) 6396411
655 #4 - INDEX TERM--GENRE/FORM
Genre/form data or focus term Fiction.
9 (RLIN) 5673940
700 1# - ADDED ENTRY--PERSONAL NAME
Personal name Kramer, Michael
9 (RLIN) 20352
700 1# - ADDED ENTRY--PERSONAL NAME
Personal name Reading, Kate
9 (RLIN) 62326
856 7# - ELECTRONIC LOCATION AND ACCESS
Materials specified View cover art
Uniform Resource Identifier <a href="http://midwesttapes.com/images/movies/000/000/000/012/687/000000000012687280.jpg">http://midwesttapes.com/images/movies/000/000/000/012/687/000000000012687280.jpg</a>
Access method http
942 ## - ADDED ENTRY ELEMENTS (KOHA)
Source of classification or shelving scheme Dewey Decimal Classification
Koha item type Audiobook on CD
Holdings
Withdrawn status Lost status Source of classification or shelving scheme Materials specified (bound volume or other part) Damaged status Not for loan Collection code Home library Current library Shelving location Date acquired Source of acquisition Serial Enumeration / chronology Total Checkouts Total Renewals Full call number Barcode Date last seen Date checked out Cost, replacement price Price effective from Koha item type
    Dewey Decimal Classification Discs 1-24     Audiobooks Wasatch County Library Wasatch County Library Second Floor 03/24/2021 Micromarketing #4 The Stormlight Archive Part 1 10 10 CD Sanderson 34301001712308 02/09/2026 12/16/2025 94.99 03/24/2021 Audiobook on CD
This project was made possible through a grant from the Institute of Museum and Library Service administered by the Utah State Library Division.

Wasatch County Library

  • 465 East 1200 South, Heber City, Utah 84032
  • Phone 435-654-1511 | Fax 435-654-6456

Hours

  • Monday - Friday 9:30 AM - 8:00 PM
  • Saturday 9:30 AM - 1:30 PM
  • Closed Sundays and Holidays